000 00440nam a2200181Ia 4500
005 20250603144720.0
008 250603s9999 xx 000 0 und d
020 _a0205137288
050 _aHF 5415.3 W543/
100 _aSolomon, Michael R.
245 0 _aConsumer behavior : buying, having, and being
260 _aMinnesota
260 _bAllyn And Bacon
260 _c1992
300 _a618 p
650 _aMinnesota
942 _cBK
999 _c39739
_d39739